Englannin Valioliigassa pelanneet suomalaiset - Statistics

Yleistilastot
  • Tätä visaa on pelattu 221 kertaa
    121 viimeisimmän päivityksen jälkeen
  • Keskiarvotulos 10 / 19
Vastaustilastot
Joukkue Nimi % Oikein
Liverpool Jari Litmanen
100%
Liverpool Sami Hyypiä
96%
Norwich Teemu Pukki
95%
Bolton, West Ham Jussi Jääskeläinen
78%
Chelsea, Crystal Palace, Birmingham Mikael Forssell
76%
Brentford Marcus Forss
74%
Southampton, Fulham Antti Niemi
60%
Tottenham, Sunderland, Birmingham Teemu Tainio
59%
Charlton Jonatan Johansson
45%
Blackburn, Fulham, Newcastle Shefki Kuqi
44%
Crystal Palace Aki Riihilahti
38%
Chelsea Jimi Tauriainen
37%
Crystal Palace Joonas Kolkka
31%
Portsmouth Petri Pasanen
31%
Aston Villa, Blackburn, Cardiff Peter Enckelman
29%
Bolton Mixu Paatelainen
25%
West Ham Hannu Tihinen
24%
Fulham Toni Kallio
21%
Derby Simo Valakari
17%
Ehtoja vastaavia visoja ei löytynyt
Tulosjakauma
Jokaisen tuloksen saaneiden osuus
Persentiili vastausten määrän mukaan
Tuloshistoriasi
Et ole pelannut tätä visaa sen viimeisimmän päivityksen jälkeen